000 00676nam a2200265Ia 4500
005 20260121172937.0
008 008 260114s9999 xx 000 0 eng d
020 _a9789811667688
037 _aEBOOK
040 _aCRL
040 _beng
040 _cCRL
041 _2eng
041 _aeng
084 _qCRL
100 _aKC Santosh, Loveleen Gaur
_91094678
245 0 _aArtificial Intelligence and Machine Learning in Public Healthcare
260 _bSpringer
260 _bSpringer
260 _c2021
856 _uhttps://link.springer.com/openurl?genre=book&isbn=978-981-16-6768-8
942 _cEBOOK
999 _c1660420
_d1660420